000 00635nam a2200277Ia 4500
005 20260324134100.0
008 008 260324s9999 xx 000 0 eng d
020 _a9781351312165
037 _aEBOOK
040 _aCRL
040 _beng
040 _cCRL
041 _2eng
041 _aeng
084 _qCRL
100 _aErnest Krausz
_91195504
245 0 _aEducation, Nihilism, and Survival
260 _bTaylor and Francis
260 _c2002
365 _a
365 _b230
856 _uhttp://www.taylorfrancis.com/books/9781351312165
942 _cEBOOK
999 _c1795198
_d1795198